000 00579nam a2200205Ia 4500
003 GCL
008 140319s9999 xx 000 0 ara d
040 _aGCL /
_cGCL
082 0 4 _a332.4
_bم م
100 1 _aمحمد زكى شافعى
245 1 0 _aمقدمة فى النقود والبنوك /
_cمحمد زكى شافعى
300 _a454 ص
490 _a
650 0 4 _aالاقتصاد
650 0 4 _aالنقود
650 0 4 _aالبنوك التجارية
650 0 4 _aالبنوك المركزية
650 0 4 _aالنقود - المالية
942 _2ddc
_cBK
999 _c39091
_d39091